01858nam a22002657a 4500008004100000020001800041040000800059041000800067050002800075100003300103245005200136260004600188300002400234520096200258650002801220650003701248650005101285650003701336650003501373651003701408655003101445942000801476952009301484999001501577251013b |||||||| |||| 00| 0 eng d a9780008698003 ctbs aeng aPS3608.A4477 bA78 2025 aHarman, Sarah926119eauthor a All the other mothers hate mec/ Sarah Harman. aLondon,bHarperCollins Publishers,c2025. a314 pages ;c23 cm. aMaybe having a few enemies on the school run means you're doing something right… Florence knows all about failure. After a dismal end to her 2000s girlband career, she’s moping around West London, single, broke and unfulfilled. The only things she’s proud of are her increasingly elaborate nail art choices – and her ten-year-old son, Dylan. But when Alfie Risby, Dylan's bitter class rival and the child heir to a frozen foods empire, mysteriously vanishes on a school trip, Dylan becomes a prime suspect. Florence has to get her act together, find the missing boy and clear her son’s name or risk losing him forever. The only problem? She doesn’t have any detective skills, she’s not exactly popular at the school gates and she’s just found Alfie’s backpack hidden under Dylan’s bed… All the Other Mothers Hate Me is an irresistibly witty novel about fitting in, starting over and the lengths we’ll go to for the people we love. 0aBulliesvFiction926120 0aMissing childrenvFiction923688 0aMissing personsxInvestigationvFiction925609 0aMothers and sonsvFiction924082 0aSingle mothersvFiction925097 0aLondon (England)vFiction924106 0aThrillers (Fiction)922669 2lcc 00102lcc4070aTBSbTBSd2025-10-13l0oP-EN HARpB07676r2025-10-13t1w2025-10-13y1 c5034d5034